Homenaje a Bergson

Сохранить в:
Библиографические подробности
Главный автор: U.N.A.M
Формат:
Язык:Undetermined
Опубликовано: México, Distrito Federal Imprenta Universitaria 1941
Предметы:
Метки: Добавить метку
Нет меток, Требуется 1-ая метка записи!

MARC

LEADER 00000nam a2200000Ia 4500
008 170316s9999 xx 000 0 und d
090 |a 100 U-1h 
100 |a U.N.A.M. 
245 |a Homenaje a Bergson 
260 |a México, Distrito Federal 
260 |b Imprenta Universitaria 
260 |c 1941 
300 |a 189 páginas 
650 |a FILOSOFÍA 
999 |c 17811  |d 17811 
040 |a cru BVZT 
942 |c 15 D  |h 100 U-1h  |2 z